Performance evaluation of elastomeric inflatable seals based on F K M (Record no. 64687)

MARC details
000 -LEADER
fixed length control field 00539nam a2200157Ia 4500
100 ## - MAIN ENTRY--AUTHOR NAME
Personal name Shaktawat P R S
245 #0 - TITLE STATEMENT
Title Performance evaluation of elastomeric inflatable seals based on F K M
260 ## - PUBLICATION, DISTRIBUTION, ETC. (IMPRINT)
Name of publisher International Conference and Exhibition on Rubber and Allied Materials Asia Rub Tech Expo 2002. 28-30 November 2002, New Delhi. pp.347-351.
650 ## - SUBJECT ADDED ENTRY--TOPICAL TERM
Topical Term Elastomeric seals
700 ## - ADDED ENTRY--PERSONAL NAME
Personal name Adhikary A
700 ## - ADDED ENTRY--PERSONAL NAME
Personal name Dhupia D
700 ## - ADDED ENTRY--PERSONAL NAME
Personal name Singh R K
700 ## - ADDED ENTRY--PERSONAL NAME
Personal name Sinha N K
942 ## - ADDED ENTRY ELEMENTS (KOHA)
Koha item type Journals
Holdings
Withdrawn status Lost status Damaged status Not for loan Home library Current library Shelving location Date acquired Koha item type
      Journals RRII Library RRII Library Rubber chemistry 17/12/2021 Journals